000 01782nam0a2200373 4500
001 RU\NLR\bibl\1704182
005 20260407214125.0
010 _a978-5-98449-159-4
_9200
021 _aRU
_b2010-83124
_95542
035 _a(nilc)RSL-KNO-004801683
035 _a(NLR Aleph) 001695248
090 _a1186119
_c1186119
100 _a20101101d2010 |||y0rusy50 ca
101 0 _arus
102 _aRU
105 _aa |||||||||
200 1 _aМетодические рекомендации по проведению наблюдений за пролетом птиц
_fМ-во экологии и природных ресурсов Нижегор. обл., Нижегор. отд-ние Союза охраны птиц России, Экол. центр "Дронт"
_g[авт.-сост.: С.В. Бакка и др.]
210 _aНижний Новгород
_cМеждународный Социально-экологический Союз
_cэкоцентр "Дронт"
_d2010
215 _a14, [2] с.
_cил.
_d21
320 _aБиблиогр. в конце кн. (10 назв.)
606 1 _aПтицы
_jМетодические пособия
_xПерелет
_91127713
_3RU\NLR\auth\66128075
686 _aП719я8
_2rubbk
686 _aЕ693.35-816,1я8
_2rubbk
686 _aЕ681.624я8
702 1 _aБакка
_bС. В.
_gСергей Витальевич
_4220
712 0 1 _4570
_aНижегородская область
_bМинистерство экологии и природных ресурсов
_9782097
_3RU\NLR\AUTH\8810143767
801 0 _aRU
_bRuMoRKP
_c20101101
_grcr
801 1 _aRU
_bRuMoRGB
_c20101101
801 2 _aRU
_bNLR
_c20101123
_grcr
830 _aсост. по ЭК
942 _cBOOK
980 _aNB
980 _aNBR